Organic agriculture, environment, and food security / (Registro nro. 4553)

Detalles MARC
000 -CABECERA
Campo de control 01407cam a22003377a 4500
005 - FECHA Y HORA DE LA ULTIMA TRANSACCION
Campo de control 20180803165211.0
008 - ELEMENTOS DE LONGITUD FIJA—INFORMACION GENERAL
Campo de control 021120s2002 it a b i000 0 eng d
020 ## - ISBN
ISBN 9251048193 (pbk.)
040 ## - FUENTE DE CATALOGACIÓN
Agencia catalogadora original FQG
Agencia transcriptora FQG
Agencia Modificadora DLC
-- CO-BoIAVH
041 ## - IDIOMA
Código de idioma para texto/pista de sonido o título separado Inglés
042 ## - AUTHENTICATION CODE
Authentication code lccopycat
082 00 - NUMERO DE CLASIFICACION DECIMAL DEWEY
Número de clasificación 631.584
Número del ítem O68o
245 00 - MENCION DE TITULO
Título Organic agriculture, environment, and food security /
Mención de responsabilidad edited by Nadia El-Hage Scialabba and Caroline Hattam.
246 1# - FORMA VARIANTE DEL TITULO
Título propiamente dicho/forma breve del título Environment and Natural Resources Service, Sustainable Development Department
260 ## - PUBLICACION, DISTRIBUCION, ETC. (PIE DE IMPRENTA)
Lugar de publicación, distribución, etc. Rome :
Nombre del editor, distribuidor, etc. Food and Agriculture Organization of the United Nations,
Fecha de publicación, distribución, etc. 2002.
300 ## - DESCRIPCION FISICA
Extensión vi, 252 p. :
Otros detalles físicos col. ill. ;
Dimensiones 30 cm.
500 ## - NOTA GENERAL
Nota general At head of title: Environment and Natural Resources Service, Sustainable Development Department.
500 ## - NOTA GENERAL
Nota general "TC/M/Y4137E/1/9.02/3000"--P. [4] of cover.
504 ## - NOTA DE BIBLIOGRAFIA, ETC.
Nota de bibliografía Includes bibliographical references (p. 237-252).
650 #0 - ASIENTO SECUNDARIO DE MATERIA - TERMINO TEMATICO
Término temático o nombre geográfico como elemento de entrada Organic farming.
9 (RLIN) 61978
650 #0 - ASIENTO SECUNDARIO DE MATERIA - TERMINO TEMATICO
Término temático o nombre geográfico como elemento de entrada Agricultura ecológica.
9 (RLIN) 92320
650 #0 - ASIENTO SECUNDARIO DE MATERIA - TERMINO TEMATICO
Término temático o nombre geográfico como elemento de entrada Food supply.
9 (RLIN) 61979
650 #0 - ASIENTO SECUNDARIO DE MATERIA - TERMINO TEMATICO
Término temático o nombre geográfico como elemento de entrada Natural foods.
9 (RLIN) 61980
650 #0 - ASIENTO SECUNDARIO DE MATERIA - TERMINO TEMATICO
Término temático o nombre geográfico como elemento de entrada alimentos naturales.
9 (RLIN) 61985
650 #0 - ASIENTO SECUNDARIO DE MATERIA - TERMINO TEMATICO
Término temático o nombre geográfico como elemento de entrada Agricultural ecology.
9 (RLIN) 24845
650 #0 - ASIENTO SECUNDARIO DE MATERIA - TERMINO TEMATICO
9 (RLIN) 61984
Término temático o nombre geográfico como elemento de entrada Suministro de alimentos
700 1# - ASIENTO SECUNDARIO - NOMBRE PERSONAL
Nombre personal Scialabba, Nadia.
9 (RLIN) 61981
700 1# - ASIENTO SECUNDARIO - NOMBRE PERSONAL
Nombre personal Hattam, Caroline.
9 (RLIN) 21991
710 2# - ASIENTO SECUNDARIO - NOMBRE CORPORATIVO
Nombre corporativo o de jurisdicción como elemento de entrada Food and Agriculture Organization of the United Nations.
Unidad subordinada Sustainable Development Department.
9 (RLIN) 61986
942 ## - ELEMENTOS ADICIONALES (KOHA)
Sistema de clasificación Dewey Decimal Classification
Tipo de ítem Libro
Existencias
Withdrawn status Lost status Sistema de Clasificación Damaged status No para préstamo Colección Inventariado Ubicación Permanente Ubicación actual Fecha de adquisición Fuente de Valor Valor Total Checkouts Número topográfico Inventario / Código de Barras Date last seen Ejemplar Price effective from Forma de adquisición Tipo de material
    Dewey Decimal Classification     General Inventariado 2017 Bogotá Bogotá 13/06/2005 Instituto 15000.00   LB-631.584 O68o 019062 04/12/2012 Ej. 1 04/12/2012   Libro